|
|
|
|
| LEADER |
00000nam0a2200000 4500 |
| 001 |
298691 |
| 005 |
20231101003724.0 |
| 020 |
|
|
|a RU
|b 84-66146
|
| 035 |
|
|
|a (RuTPU)RU\TPU\book\323834
|
| 090 |
|
|
|a 298691
|
| 100 |
|
|
|a 20150619d1984 m y0rusy5003 ca
|
| 101 |
0 |
|
|a rus
|
| 102 |
|
|
|a RU
|
| 105 |
|
|
|a a z 000zy
|
| 200 |
1 |
|
|a Бой с пожирателями металла
|f О. И. Жолондковский, Ю. А. Лебедев
|
| 210 |
|
|
|a Москва
|c Знание
|d 1984
|
| 215 |
|
|
|a 144 с.
|c ил.
|
| 225 |
1 |
|
|a Наука и прогресс
|
| 606 |
1 |
|
|a Коррозия металлов
|2 stltpush
|3 (RuTPU)RU\TPU\subj\15741
|
| 610 |
1 |
|
|a металлы
|
| 610 |
1 |
|
|a защитные покрытия
|
| 610 |
1 |
|
|a изоляция
|
| 610 |
1 |
|
|a химическая защита
|
| 675 |
|
|
|a 669:620.193
|z rus
|v 4
|
| 700 |
|
1 |
|a Жолондковский
|b О. И.
|g Олег Ильич
|4 070
|
| 701 |
|
1 |
|a Лебедев
|b Ю. А.
|g Юрий Александрович
|4 070
|
| 801 |
|
0 |
|a RU
|b RuMRKP
|c 19950704
|g psbo
|
| 801 |
|
1 |
|a RU
|b 63413507
|c 20150619
|
| 801 |
|
2 |
|a RU
|b 63413507
|c 20170728
|g RCR
|
| 942 |
|
|
|c BK
|